Quantum computation and quantum information / (Record no. 3673)

MARC details
000 -LEADER
fixed length control field 01469cam a22003374a 4500
001 - CONTROL NUMBER
control field 11928608
003 - CONTROL NUMBER IDENTIFIER
control field OSt
005 - DATE AND TIME OF LATEST TRANSACTION
control field 20160420184913.0
008 - FIXED-LENGTH DATA ELEMENTS--GENERAL INFORMATION
fixed length control field 000303s2000 enka b 001 0 eng
010 ## - LIBRARY OF CONGRESS CONTROL NUMBER
LC control number 00028911
020 ## - INTERNATIONAL STANDARD BOOK NUMBER
International Standard Book Number 0521632358
020 ## - INTERNATIONAL STANDARD BOOK NUMBER
International Standard Book Number 0521635039 (pbk.)
040 ## - CATALOGING SOURCE
Original cataloging agency DLC
Transcribing agency DLC
Modifying agency DLC
042 ## - AUTHENTICATION CODE
Authentication code pcc
050 00 - LIBRARY OF CONGRESS CALL NUMBER
Classification number QA76.889
Item number .N54 2000
082 00 - DEWEY DECIMAL CLASSIFICATION NUMBER
Classification number 511.8
Item number NIE 2000
100 1# - MAIN ENTRY--PERSONAL NAME
Personal name Nielsen, Michael A.
Dates associated with a name 1974-
9 (RLIN) 8159
245 10 - TITLE STATEMENT
Title Quantum computation and quantum information /
Statement of responsibility, etc. Michael A. Nielsen and Isaac L. Chuang.
260 ## - PUBLICATION, DISTRIBUTION, ETC. (IMPRINT)
Place of publication, distribution, etc. Cambridge ;
-- New York :
Name of publisher, distributor, etc. Cambridge University Press,
Date of publication, distribution, etc. 2000.
300 ## - PHYSICAL DESCRIPTION
Extent xxv, 676 p. :
Other physical details ill. ;
Dimensions 26 cm.
504 ## - BIBLIOGRAPHY, ETC. NOTE
Bibliography, etc Includes bibliographical references (p. [649]-664) and index.
650 #0 - SUBJECT ADDED ENTRY--TOPICAL TERM
Topical term or geographic name as entry element Quantum computers.
9 (RLIN) 8160
700 1# - ADDED ENTRY--PERSONAL NAME
Personal name Chuang, Isaac L.,
Dates associated with a name 1968-
9 (RLIN) 8161
856 41 - ELECTRONIC LOCATION AND ACCESS
Materials specified Sample text
Uniform Resource Identifier http://www.loc.gov/catdir/samples/cam031/00028911.html
856 42 - ELECTRONIC LOCATION AND ACCESS
Materials specified Publisher description
Uniform Resource Identifier http://www.loc.gov/catdir/description/cam021/00028911.html
856 41 - ELECTRONIC LOCATION AND ACCESS
Materials specified Table of contents
Uniform Resource Identifier http://www.loc.gov/catdir/toc/cam022/00028911.html
856 42 - ELECTRONIC LOCATION AND ACCESS
Materials specified Contributor biographical information
Uniform Resource Identifier http://www.loc.gov/catdir/enhancements/fy0731/00028911-b.html
906 ## - LOCAL DATA ELEMENT F, LDF (RLIN)
a 7
b cbc
c orignew
d 1
e ocip
f 20
g y-gencatlg
942 ## - ADDED ENTRY ELEMENTS (KOHA)
Source of classification or shelving scheme Dewey Decimal Classification
Koha item type Short Loan
Holdings
Withdrawn status Lost status Source of classification or shelving scheme Damaged status Not for loan Home library Current library Date acquired Inventory number Total Checkouts Full call number Barcode Date last seen Price effective from Koha item type
    Dewey Decimal Classification     MUST Main Library MUST Main Library 20/04/2016 2002/17840   511.8 NIE 2000 2016-1118 20/04/2016 20/04/2016 Short Loan